Countries by Currency - Statistics

General Stats
  • This quiz has been taken 37 times
  • The average score is 14 of 20
Answer Stats
Currency Symbol Country % Correct
rupee India
100%
renminbi / yuan 元 / ¥ China
91%
zloty Poland
91%
baht ฿ Thailand
84%
dong đ Vietnam
84%
shekel Israel
81%
rand R South Africa
81%
forint Ft Hungary
78%
lira Turkey
78%
won South Korea
72%
real R$ Brazil
69%
lev лв. Bulgaria
69%
quetzal Q Guatemala
66%
sol S/ Peru
63%
colón Costa Rica
59%
hryvnia Ukraine
59%
birr Br / ብር Ethiopia
47%
ringgit RM Malaysia
47%
tögrög Mongolia
38%
kwanza Kz Angola
34%
No matching quizzes found
Score Distribution
Percent of People with Each Score
Percentile by Number Answered
Your Score History
You have not taken this quiz